[Event "Continental Class-ch"]
[Site "Arlington"]
[Date "2011.10.08"]
[Round "5"]
[White "Adu, Oladapo"]
[Black "Smarty, Sylvester"]
[Result "1/2-1/2"]
[WhiteElo "2250"]
[BlackElo "2104"]
[PlyCount "62"]
[EventDate "2011.10.06"]
[EventType "swiss"]
[EventRounds "9"]
[EventCountry "USA"]
[SourceTitle "CBM 144 Extra"]
[Source "ChessBase"]
[SourceDate "2011.10.28"]
[SourceVersion "1"]
[SourceVersionDate "2011.10.28"]
[SourceQuality "1"]

1. e4 c5 2. Nf3 Nc6 3. d4 cxd4 4. Nxd4 Nf6 5. Nc3 d6 6. Bc4 a6 7. 0-0 e6 8. Bb3 Be7 9. Be3 0-0 10. f4 Qc7 11. Qf3 Na5 12. g4 Nc4 13. g5 Nd7 14. Bxc4 Qxc4 15. f5 Bxg5 16. Bxg5 Qxd4+ 17. Kh1 Ne5 18. Qg3 exf5 19. Rad1 Qc4 20. Be7 f4 21. Rxf4 Re8 22. Bxd6 Ng6 23. Rf3 Be6 24. Rfd3 Qc6 25. Kg1 Qb6+ 26. Qf2 Qxf2+ 27. Kxf2 Rac8 28. R1d2 f5 29. exf5 Bxf5 30. Rf3 Bg4 31. Rg3 Be6 1/2-1/2

[Event "Continental Class-ch"]
[Site "Arlington"]
[Date "2010.10.10"]
[Round "7"]
[White "Smarty, Sylvester"]
[Black "Perez, Robert M"]
[Result "1/2-1/2"]
[WhiteElo "2096"]
[BlackElo "2211"]
[PlyCount "94"]
[EventDate "2010.10.07"]
[EventType "swiss"]
[EventRounds "9"]
[EventCountry "USA"]
[SourceTitle "CBM 138 Extra"]
[Source "ChessBase"]
[SourceDate "2010.10.29"]
[SourceVersion "1"]
[SourceVersionDate "2010.10.29"]
[SourceQuality "1"]

1. c4 Nf6 2. g3 e6 3. Bg2 d5 4. d4 dxc4 5. Qa4+ Nbd7 6. Qxc4 c5 7. Nf3 a6 8. Qc2 cxd4 9. Nxd4 e5 10. Nb3 Bd6 11. 0-0 0-0 12. Rd1 Qe7 13. Nc3 h6 14. Na5 Rb8 15. Nc4 Bc7 16. Ne3 Nb6 17. a4 Be6 18. a5 Nbd7 19. Nf5 Qb4 20. Nd5 Nxd5 21. Bxd5 Bxd5 22. Rxd5 Nf6 23. Rd1 Rfc8 24. Ra4 Bxa5 25. Qxc8+ Rxc8 26. Rxb4 Bxb4 27. Be3 Kh7 28. Rd3 Rc2 29. Rb3 a5 30. Kf1 Nd5 31. Ba7 e4 32. Ne3 Rc1+ 33. Kg2 Ne7 34. Bb6 h5 35. f3 f5 36. h4 g6 37. Bd4 Rb1 38. Nc2 Nc6 39. Bf6 exf3+ 40. exf3 Kg8 41. Nxb4 axb4 42. Rd3 Kf7 43. Bh8 Kg8 44. Bf6 Kf7 45. Bh8 Ke6 46. Re3+ Kd7 47. g4 fxg4 1/2-1/2

[Event "Continental Class-ch"]
[Site "Arlington"]
[Date "2010.10.09"]
[Round "4"]
[White "Smarty, Sylvester"]
[Black "Gorman, Dov"]
[Result "0-1"]
[WhiteElo "2096"]
[BlackElo "2285"]
[PlyCount "56"]
[EventDate "2010.10.07"]
[EventType "swiss"]
[EventRounds "9"]
[EventCountry "USA"]
[SourceTitle "CBM 138 Extra"]
[Source "ChessBase"]
[SourceDate "2010.10.29"]
[SourceVersion "1"]
[SourceVersionDate "2010.10.29"]
[SourceQuality "1"]

1. c4 Nf6 2. g3 g6 3. Bg2 Bg7 4. Nc3 0-0 5. d4 d6 6. e4 c5 7. Nge2 cxd4 8. Nxd4 Nc6 9. Nxc6 bxc6 10. e5 Ng4 11. exd6 exd6 12. 0-0 Ne5 13. Qa4 Be6 14. b3 Nxc4 15. bxc4 Bxc3 16. Bh6 Bxa1 17. Bxf8 Be5 18. Bh6 d5 19. cxd5 cxd5 20. Be3 Qd6 21. Rc1 h5 22. h4 a5 23. Rd1 Qb4 24. Qc6 Rc8 25. Qa6 Qg4 26. Rxd5 Bxd5 27. Bxd5 Rd8 28. Qxa5 Qd1+ 0-1